<?xml version="1.0" encoding="UTF-8"?>
<marc:record xmlns:marc="http://www.loc.gov/MARC21/slim">
   <marc:leader>00000nam a2200000 a 4500</marc:leader>
   <marc:datafield ind1="1" ind2=" " tag="100">
      <marc:subfield code="a">Freund, Peter</marc:subfield>
      <marc:subfield code="4">aut</marc:subfield>
      <marc:subfield code="e">Verfasser/-in</marc:subfield>
   </marc:datafield>
   <marc:datafield ind1="0" ind2="0" tag="245">
      <marc:subfield code="a">Laura und das Labyrinth des Lichts</marc:subfield>
   </marc:datafield>
   <marc:datafield ind1="0" ind2="0" tag="245">
      <marc:subfield code="b">Roman</marc:subfield>
   </marc:datafield>
   <marc:datafield ind1="0" ind2="0" tag="245">
      <marc:subfield code="c">Peter Freund. Mit Ill. von Tina Dreher</marc:subfield>
   </marc:datafield>
   <marc:datafield ind1=" " ind2="1" tag="264">
      <marc:subfield code="a">Bergisch Gladbach</marc:subfield>
      <marc:subfield code="b">Ehrenwirth</marc:subfield>
      <marc:subfield code="c">2007</marc:subfield>
   </marc:datafield>
   <marc:datafield ind1=" " ind2=" " tag="250">
      <marc:subfield code="a">Orig.-Ausg.</marc:subfield>
   </marc:datafield>
   <marc:datafield ind1="1" ind2=" " tag="520">
      <marc:subfield code="a">Angaben aus der Verlagsmeldung

Laura und das Labyrinth des Lichts Laura 6 / von Peter Freund

Kaum hat Laura den Kampf gegen die Dunklen Mächte glücklich beendet, als Borboron sie in ein todesähnliches Koma versetzt und ihren Bruder Lukas entführt. Da sie nur als Traumgestalt wieder erwacht, erinnert sie sich allein an die Ereignisse, die sie auf früheren Traumreisen erlebte. Zu ihrer Rettung muss Laura sich auf die gefährliche Suche nach der eigenen Vergangenheit begeben. Dabei stehen ihr der Wolkentänzer Auriel und viele andere fantastische Helfer mit magischen Fähigkeiten zur Seite. Dennoch scheinen ihre Bemühungen vergeblich zu sein. Denn Borboron und seine Vasallen haben einen teuflischen Plan: Sie wollen Lukas zwingen, das Labyrinth des Lichts zu entweihen. Damit wäre der Untergang der Welten besiegelt, den einzig Laura verhindern kann. Aber wie soll das gelingen, wenn sie noch immer um das eigene Leben kämpft?
</marc:subfield>
   </marc:datafield>
   <marc:datafield ind1=" " ind2=" " tag="020">
      <marc:subfield code="a">9783431037203</marc:subfield>
      <marc:subfield code="9">9783431037203</marc:subfield>
   </marc:datafield>
   <marc:datafield ind1=" " ind2=" " tag="300">
      <marc:subfield code="a">463 S.</marc:subfield>
   </marc:datafield>
</marc:record>
